Tài liệu bồi dưỡng về quản lý hành chính nhà nước chương trình chuyên viên

Đã lưu trong:
Sonraí Bibleagrafaíochta
Príomhúdar: Học viện QGHC
Formáid: Leabhar
Teanga:Undetermined
Foilsithe: Học viện QGHC 2001
Ábhair:
Clibeanna: Cuir Clib Leis
Gan Chlibeanna, Bí ar an gcéad duine leis an taifead seo a chlibeáil!
Thư viện lưu trữ: Trung tâm Học liệu Trường Đại học Cần Thơ
LEADER 00536nam a2200157Ia 4500
001 CTU_54951
008 210402s9999 xx 000 0 und d
082 |a 351.597 
082 |b H419/P3 
100 |a Học viện QGHC 
245 0 |a Tài liệu bồi dưỡng về quản lý hành chính nhà nước chương trình chuyên viên 
245 0 |c Học viện QGHC 
260 |b Học viện QGHC 
260 |c 2001 
650 |a public administration 
980 |a Trung tâm Học liệu Trường Đại học Cần Thơ